Guess these Random Countries without any Clues (Oceania) - Statistics

General Stats
  • This quiz has been taken 17 times
  • The average score is 5 of 6
Answer Stats
Answer % Correct
Australia
100%
Federated States of Micronesia
100%
Fiji
100%
Kiribati
100%
Palau
100%
Solomon Islands
100%
Tuvalu
100%
Nauru
91%
Marshall Islands
88%
Tonga
86%
Vanuatu
86%
New Zealand
83%
Papua New Guinea
80%
Samoa
60%
No matching quizzes found
Score Distribution
Percent of People with Each Score
Percentile by Number Answered
Your Score History
You have not taken this quiz